La reforma del estado a traves de la desregulación y privatización de empresas públicas (Registro nro. 18019)

Detalles MARC
000 -LEADER
fixed length control field 00380 a2200109 4500
001 - CONTROL NUMBER
control field ART_12769
005 - DATE AND TIME OF LATEST TRANSACTION
control field 20260410161733.0
008 - FIXED-LENGTH DATA ELEMENTS--GENERAL INFORMATION
fixed length control field 260409a
100 1# - MAIN ENTRY--PERSONAL NAME
Personal name Frediani, Ramón O.
245 10 - TITLE STATEMENT
Title La reforma del estado a traves de la desregulación y privatización de empresas públicas
773 0# - HOST ITEM ENTRY
Title Ejecutivos de finanzas
Related parts - Año 7, Nº 56 (jun. 1989)
Record control number REV2863

No hay ítems disponibles.